[Event "Central London Major"]
[Site "London"]
[Date "2022.11.05"]
[Round "2.2"]
[White "Finnegan, Oliver"]
[Black "Jacob, Sydney J"]
[Result "1-0"]
[WhiteElo "1696"]
[BlackElo "1795"]
[PlyCount "99"]
[EventDate "2022.11.04"]
[EventType "swiss"]
[EventRounds "5"]
[EventCountry "ENG"]
[SourceTitle "BritBase"]
[Source "John Saunders"]
[SourceDate "2023.06.01"]
[SourceVersion "1"]
[SourceVersionDate "2023.06.01"]
[SourceQuality "1"]

1. d4 Nf6 2. Nc3 d5 3. Bf4 c6 4. e3 e6 5. Bd3 Bd6 6. Bg3 Qc7 7. Nf3 Nbd7 8. e4
dxe4 9. Nxe4 Nxe4 10. Bxe4 Nf6 11. Bd3 O-O 12. Ne5 g6 13. Qf3 Nd7 14. Nc4 Bxg3
15. hxg3 b5 16. Nd2 e5 17. O-O-O f5 18. Qe3 Nf6 19. Be2 e4 20. Nb3 Nd5 21. Qh6
Qf7 22. Qh4 a5 23. Nc5 Qe7 24. c4 Qxh4 25. Rxh4 Nc7 26. d5 cxd5 27. cxd5 Rd8
28. d6 Ne6 29. Nb3 a4 30. Na1 Bd7 31. Nc2 Rac8 32. Kb1 Be8 33. Nb4 Nc5 34. Nd5
Kg7 35. Nc7 Bc6 36. g4 Rd7 37. gxf5 gxf5 38. Rdh1 Kg8 39. Rh6 Nd3 40. f3 Nf4
41. Bxb5 Bxb5 42. Nxb5 e3 43. g3 Ng6 44. Nc3 Rxd6 45. Rxh7 Rxc3 46. bxc3 e2 47.
Kc2 Rd1 48. R7h6 Rxh1 49. Rxh1 Ne5 50. Kd2 1-0

[Event "Central London Major"]
[Site "London"]
[Date "2022.11.05"]
[Round "2.3"]
[White "Hall, Antony C"]
[Black "Baroukh, Leon"]
[Result "1-0"]
[WhiteElo "1794"]
[BlackElo "1695"]
[PlyCount "65"]
[EventDate "2022.11.04"]
[EventType "swiss"]
[EventRounds "5"]
[EventCountry "ENG"]
[SourceTitle "BritBase"]
[Source "John Saunders"]
[SourceDate "2023.06.01"]
[SourceVersion "1"]
[SourceVersionDate "2023.06.01"]
[SourceQuality "1"]

1. e4 e5 2. Nf3 Nc6 3. d4 exd4 4. Bc4 Bb4+ 5. c3 dxc3 6. bxc3 Be7 7. Qd5 Nh6 8.
Bxh6 O-O 9. Be3 d6 10. O-O Be6 11. Qd3 Bg4 12. Nbd2 Bf6 13. Bb3 Na5 14. Bc2 g6
15. h3 Be6 16. Nd4 Bd7 17. N4b3 Nc6 18. f4 Re8 19. Rae1 Bg7 20. Nd4 Na5 21.
N4b3 Nc6 22. Nf3 Ne7 23. g4 h5 24. f5 hxg4 25. hxg4 f6 26. Nbd4 c6 27. Ne2 g5
28. Qxd6 Nc8 29. Bb3+ Kh7 30. Nxg5+ fxg5 31. Qg6+ Kh8 32. Qh5+ Bh6 33. Qxh6#
1-0

[Event "Central London Major"]
[Site "London"]
[Date "2022.11.05"]
[Round "2.4"]
[White "Jefremov, Aivar"]
[Black "McKerracher, Douglas"]
[Result "1-0"]
[WhiteElo "1636"]
[BlackElo "1784"]
[PlyCount "91"]
[EventDate "2022.11.04"]
[EventType "swiss"]
[EventRounds "5"]
[EventCountry "ENG"]
[SourceTitle "BritBase"]
[Source "John Saunders"]
[SourceDate "2023.06.01"]
[SourceVersion "1"]
[SourceVersionDate "2023.06.01"]
[SourceQuality "1"]

1. d4 f5 2. Nc3 Nf6 3. Bg5 d5 4. Bxf6 exf6 5. e3 Be6 6. Bd3 Qd7 7. Qf3 c6 8. h3
Na6 9. a3 Nc7 10. Nge2 g6 11. Nf4 Bf7 12. g4 fxg4 13. hxg4 Bg7 14. O-O-O O-O-O
15. Na4 Ne6 16. Be2 Nxf4 17. Qxf4 Qd6 18. Qf3 g5 19. Rxh7 Rxh7 20. Qf5+ Be6 21.
Qxh7 Qe7 22. Nc5 Rh8 23. Qd3 Rh4 24. Nxe6 Qxe6 25. Qg6 Qe7 26. Bd3 Kc7 27. Qf5
Qd7 28. Qxd7+ Kxd7 29. Kd2 Bf8 30. Rc1 Bd6 31. Rf1 Rh2 32. Kc3 Rh3 33. b4 Ke7
34. a4 b6 35. Kb3 c5 36. bxc5 bxc5 37. Kc3 cxd4+ 38. Kxd4 Be5+ 39. Kxd5 Rh8 40.
Rb1 Rd8+ 41. Ke4 Rd7 42. a5 Bc7 43. a6 Bb6 44. Rh1 Kf8 45. Kf5 Kg7 46. Ke6 1-0

[Event "Central London Major"]
[Site "London"]
[Date "2022.11.05"]
[Round "2.5"]
[White "Cooper, Malcolm H"]
[Black "Chiang, Richard"]
[Result "1-0"]
[WhiteElo "1783"]
[BlackElo "1613"]
[PlyCount "63"]
[EventDate "2022.11.04"]
[EventType "swiss"]
[EventRounds "5"]
[EventCountry "ENG"]
[SourceTitle "BritBase"]
[Source "John Saunders"]
[SourceDate "2023.06.01"]
[SourceVersion "1"]
[SourceVersionDate "2023.06.01"]
[SourceQuality "1"]

1. d4 d5 2. c4 c6 3. cxd5 cxd5 4. Bf4 Nf6 5. e3 Nc6 6. Nc3 a6 7. Be2 g6 8. h3
Bg7 9. Nf3 O-O 10. O-O Re8 11. Rc1 h6 12. Qb3 Na5 13. Qb4 b5 14. Nxb5 axb5 15.
Bc7 Qd7 16. Bxa5 Qa7 17. Bc7 Qxa2 18. Ne5 e6 19. Bxb5 Bf8 20. Qc3 Re7 21. Qc2
Ne4 22. Kh2 Kh7 23. f3 Nf6 24. Bd8 Rb7 25. Ra1 Qxa1 26. Rxa1 Rxa1 27. Qxc8 Rxb5
28. Bxf6 Bg7 29. Bxg7 Kxg7 30. Qd7 Rxb2 31. Qxf7+ Kh8 32. Nxg6# 1-0

[Event "Central London Major"]
[Site "London"]
[Date "2022.11.05"]
[Round "2.6"]
[White "Ranasinghe, Kasun Anuranga"]
[Black "McAleenan, Charles"]
[Result "1/2-1/2"]
[WhiteElo "1435"]
[BlackElo "1760"]
[PlyCount "119"]
[EventDate "2022.11.04"]
[EventType "swiss"]
[EventRounds "5"]
[EventCountry "ENG"]
[SourceTitle "BritBase"]
[Source "John Saunders"]
[SourceDate "2023.06.01"]
[SourceVersion "1"]
[SourceVersionDate "2023.06.01"]
[SourceQuality "1"]

1. Nf3 d6 2. d4 Nf6 3. Nc3 Nbd7 4. e4 e5 5. Bd3 Be7 6. O-O c6 7. Ne2 O-O 8. c4
exd4 9. Nfxd4 Nc5 10. Ng3 Re8 11. Bc2 Bf8 12. Re1 g6 13. b4 Ne6 14. Bb2 Nxd4
15. Bxd4 c5 16. Bc3 Be6 17. Ba4 cxb4 18. Bxb4 Bd7 19. Bxd7 Qxd7 20. Rb1 Rac8
21. Qd4 Qe6 22. Qxa7 Qxc4 23. Qb6 Qxa2 24. Rbd1 Qb3 25. Qd4 Rc4 26. Qxf6 Rxb4
27. Qa1 Bg7 28. Qb1 Be5 29. Qxb3 Rxb3 30. Nf1 Rc8 31. Rb1 Rcc3 32. Ne3 Bd4 33.
Nd5 Rxb1 34. Rxb1 Rc2 35. Ne3 Bxe3 36. fxe3 Rc4 37. Rxb7 Rxe4 38. Rb6 Re6 39.
Kf2 Kg7 40. Rb5 Kf6 41. g4 h6 42. h4 Re5 43. Rb4 d5 44. Kf3 h5 45. g5+ Kf5 46.
Rb7 Ke6 47. Rb6+ Ke7 48. Rb7+ Kf8 49. Rb8+ Kg7 50. Rb4 Rf5+ 51. Rf4 Rxf4+ 52.
Kxf4 f6 53. gxf6+ Kxf6 54. e4 d4 55. e5+ Ke6 56. Ke4 d3 57. Kxd3 Kxe5 58. Ke3
Kf5 59. Kf3 g5 60. hxg5 1/2-1/2

[Event "Central London Major"]
[Site "London"]
[Date "2022.11.05"]
[Round "2.8"]
[White "Jezierski, Colum"]
[Black "Hutchence, Gregg SH"]
[Result "1-0"]
[WhiteElo "1908"]
[BlackElo "1369"]
[PlyCount "83"]
[EventDate "2022.11.04"]
[EventType "swiss"]
[EventRounds "5"]
[EventCountry "ENG"]
[SourceTitle "BritBase"]
[Source "John Saunders"]
[SourceDate "2023.06.01"]
[SourceVersion "1"]
[SourceVersionDate "2023.06.01"]
[SourceQuality "1"]

1. e4 d6 2. d4 Nf6 3. Nc3 g6 4. f4 Bg7 5. e5 dxe5 6. dxe5 Qxd1+ 7. Kxd1 Nfd7 8.
Nd5 Kd8 9. Nf3 c6 10. Nc3 h6 11. h4 Kc7 12. Be3 Rd8 13. Ke1 Nb6 14. Bc5 Bf8 15.
Bd3 Na6 16. Ba3 Bf5 17. Rd1 Bxd3 18. cxd3 e6 19. Bxf8 Rxf8 20. h5 Nd5 21. Nxd5+
exd5 22. hxg6 fxg6 23. Rxh6 Rxf4 24. Rxg6 Raf8 25. Ke2 Nb4 26. a3 Nc2 27. Rh1
Nd4+ 28. Nxd4 Rxd4 29. Rh7+ Kb6 30. Rgg7 Rdf4 31. b4 Kb5 32. Rxb7+ Ka4 33.
Rxa7+ Kb3 34. e6 Rf2+ 35. Ke3 R8f5 36. Rhf7 d4+ 37. Kxd4 Rd5+ 38. Ke3 Rxg2 39.
e7 Rg3+ 40. Kf4 Rgxd3 41. e8=Q R5d4+ 42. Qe4 1-0

[Event "Central London Major"]
[Site "London"]
[Date "2022.11.05"]
[Round "2.11"]
[White "Boudkeev, Timour"]
[Black "Sainbayar, Anuurai"]
[Result "1/2-1/2"]
[WhiteElo "1839"]
[BlackElo "1514"]
[PlyCount "58"]
[EventDate "2022.11.04"]
[EventType "swiss"]
[EventRounds "5"]
[EventCountry "ENG"]
[SourceTitle "BritBase"]
[Source "John Saunders"]
[SourceDate "2023.06.01"]
[SourceVersion "1"]
[SourceVersionDate "2023.06.01"]
[SourceQuality "1"]

1. d4 Nf6 2. c4 d6 3. Nc3 Bf5 4. Nf3 Nbd7 5. e3 e5 6. Nh4 Bg4 7. Be2 h5 8. h3
Bxe2 9. Qxe2 e4 10. Nf5 c6 11. d5 h4 12. Qc2 Nc5 13. O-O Rh5 14. Nd4 Qd7 15. b4
Na6 16. Nxe4 Nxb4 17. Nxf6+ gxf6 18. Qe4+ Be7 19. dxc6 Nxc6 20. Nxc6 bxc6 21.
Ba3 Rc8 22. Rfd1 c5 23. Rab1 f5 24. Qb7 Qe6 25. Rd5 Rd8 26. Qxa7 Rg5 27. Rb7
Qe4 28. f3 Qxe3+ 29. Kh2 Rxg2+ 1/2-1/2

[Event "Central London Major"]
[Site "London"]
[Date "2022.11.05"]
[Round "2.13"]
[White "Slegg, Gary"]
[Black "Lazarevic, Ljubica"]
[Result "0-1"]
[WhiteElo "1747"]
[BlackElo "1477"]
[PlyCount "84"]
[EventDate "2022.11.04"]
[EventType "swiss"]
[EventRounds "5"]
[EventCountry "ENG"]
[SourceTitle "BritBase"]
[Source "John Saunders"]
[SourceDate "2023.06.01"]
[SourceVersion "1"]
[SourceVersionDate "2023.06.01"]
[SourceQuality "1"]

1. e4 e5 2. Nc3 Bc5 3. f4 d6 4. Nf3 Nc6 5. Na4 Bb6 6. Nxb6 axb6 7. Bc4 Nf6 8.
d3 Bg4 9. h3 Bxf3 10. Qxf3 Nd4 11. Qf2 b5 12. c3 bxc4 13. cxd4 cxd3 14. Qe3
exd4 15. Qxd4 Qe7 16. Qxd3 Qxe4+ 17. Qxe4+ Nxe4 18. O-O O-O 19. f5 Ng3 20. Rf2
Rfe8 21. Kh2 Ne4 22. Re2 f6 23. Bf4 c6 24. Rae1 d5 25. a3 Kf7 26. Kg1 Rad8 27.
Bc7 Rd7 28. Bb6 Rde7 29. Kh2 Nd6 30. Rxe7+ Rxe7 31. Rxe7+ Kxe7 32. Bc5 Kd7 33.
g4 Ne4 34. Bf8 g6 35. fxg6 hxg6 36. b4 b5 37. Bc5 Nxc5 38. bxc5 g5 39. Kg3 Ke6
40. h4 gxh4+ 41. Kxh4 Ke5 42. Kg3 Ke4 0-1

[Event "Central London Major"]
[Site "London"]
[Date "2022.11.05"]
[Round "2.14"]
[White "Sarfas, Robin"]
[Black "Farahmandpour, Ehsan"]
[Result "1-0"]
[WhiteElo "1618"]
[BlackElo "1427"]
[PlyCount "41"]
[EventDate "2022.11.04"]
[EventType "swiss"]
[EventRounds "5"]
[EventCountry "ENG"]
[SourceTitle "BritBase"]
[Source "John Saunders"]
[SourceDate "2023.06.01"]
[SourceVersion "1"]
[SourceVersionDate "2023.06.01"]
[SourceQuality "1"]

1. d4 d5 2. c4 c6 3. Nf3 Nf6 4. Nc3 e6 5. e3 Nbd7 6. Be2 Bd6 7. O-O dxc4 8. a4
Qe7 9. Bxc4 e5 10. e4 exd4 11. Nxd4 Ne5 12. Be2 Ng6 13. Re1 O-O 14. Nf5 Bxf5
15. exf5 Rad8 16. Qc2 Qe5 17. g3 Ne7 18. Bf4 Qxf5 19. Bd3 Qd7 20. Rad1 Qc7 21.
Bxd6 1-0

[Event "Central London Major"]
[Site "London"]
[Date "2022.11.05"]
[Round "2.15"]
[White "Moni, Claudio"]
[Black "Demelo, Caitano"]
[Result "1-0"]
[WhiteElo "1580"]
[BlackElo "1229"]
[PlyCount "65"]
[EventDate "2022.11.04"]
[EventType "swiss"]
[EventRounds "5"]
[EventCountry "ENG"]
[SourceTitle "BritBase"]
[Source "John Saunders"]
[SourceDate "2023.06.01"]
[SourceVersion "1"]
[SourceVersionDate "2023.06.01"]
[SourceQuality "1"]

1. Nf3 Nf6 2. g3 g6 3. b4 Bg7 4. Bb2 d6 5. c4 e5 6. d3 a6 7. Bg2 O-O 8. O-O
Nbd7 9. a4 c6 10. Qc2 Qb6 11. Nc3 Ne8 12. b5 a5 13. Nd2 f5 14. Rab1 Qc7 15. Ba3
Nb6 16. Qb3 Be6 17. bxc6 Ra6 18. cxb7 Bh6 19. Qb5 Bxd2 20. Qxa6 Nf6 21. Qxb6
Qb8 22. Nb5 Rd8 23. Bxd6 Nd7 24. Qc6 Qxd6 25. Qxd6 Kf7 26. Nc7 Bb4 27. Rxb4
axb4 28. Qxe6+ Kg7 29. Qe7+ Kh6 30. Qxd8 Nc5 31. Qf8+ Kg5 32. h4+ Kh5 33. Bf3#
1-0

[Event "Central London Major"]
[Site "London"]
[Date "2022.11.05"]
[Round "2.16"]
[White "Boozorginia, Zoya"]
[Black "Ward-Riggs, Samuel"]
[Result "0-1"]
[WhiteElo "1343"]
[BlackElo "1552"]
[PlyCount "46"]
[EventDate "2022.11.04"]
[EventType "swiss"]
[EventRounds "5"]
[EventCountry "ENG"]
[SourceTitle "BritBase"]
[Source "John Saunders"]
[SourceDate "2023.06.01"]
[SourceVersion "1"]
[SourceVersionDate "2023.06.01"]
[SourceQuality "1"]

1. d4 Nf6 2. c4 e6 3. Nc3 Bb4 4. Qc2 O-O 5. e3 b6 6. a3 Bxc3+ 7. bxc3 Bb7 8.
Bd3 Bxg2 9. f3 Bxh1 10. Be4 Nxe4 11. Qxe4 d5 12. cxd5 Qxd5 13. Qg4 f5 14. Qg3
Qd6 15. Ra2 Nd7 16. a4 Qxg3+ 17. hxg3 Rf6 18. Rh2 Rh6 19. Rxh6 gxh6 20. Kf2 Kf7
21. Ne2 Rf8 22. e4 fxe4 23. fxe4 Nf6 {The rest of the scoresheet is illegible.
The game continued for 10 more moves and ended with a result of 0-1.} 0-1

[Event "Central London Major"]
[Site "London"]
[Date "2022.11.05"]
[Round "3.1"]
[White "Virgin, Jack"]
[Black "Finnegan, Oliver"]
[Result "0-1"]
[WhiteElo "1849"]
[BlackElo "1696"]
[PlyCount "116"]
[EventDate "2022.11.04"]
[EventType "swiss"]
[EventRounds "5"]
[EventCountry "ENG"]
[SourceTitle "BritBase"]
[Source "John Saunders"]
[SourceDate "2023.06.01"]
[SourceVersion "1"]
[SourceVersionDate "2023.06.01"]
[SourceQuality "1"]

1. e4 e6 2. d4 d5 3. exd5 exd5 4. Nf3 Bd6 5. c4 c6 6. Bd3 Qe7+ 7. Be3 dxc4 8.
Bxc4 Nf6 9. Nc3 O-O 10. O-O Bg4 11. Re1 Qc7 12. h3 Bh5 13. Bg5 Nbd7 14. Rc1 Qa5
15. d5 Ne5 16. Bxf6 Nxf3+ 17. gxf3 gxf6 18. Ne4 Be5 19. Qb3 cxd5 20. Bxd5 Rad8
21. Red1 Kh8 22. Ng3 Bg6 23. Bc4 Rxd1+ 24. Rxd1 Bb8 25. Qe3 Qb4 26. Bb3 a5 27.
a3 Qh4 28. Rd4 Qxh3 29. Qe7 Kg7 30. Rg4 Bxg3 31. fxg3 h5 32. Rxg6+ Kxg6 33.
Qxb7 Qxg3+ 34. Kf1 Kg7 35. Bd5 h4 36. Qd7 h3 37. b4 Qg2+ 38. Ke1 h2 39. Qg4+
Qxg4 40. fxg4 axb4 41. axb4 Rh8 42. Bh1 Rb8 43. Kf2 Rxb4 44. Kg3 Rb2 45. Bg2
Kh6 46. Bd5 Kg5 47. Be4 Rb4 48. Bc6 Rc4 49. Bd5 Rd4 50. Bc6 Rd2 51. Kh3 f5 52.
gxf5 Kxf5 53. Kg3 Kg5 54. Bg2 f5 55. Kxh2 Kh4 56. Kh1 Kg3 57. Bf1 f4 58. Kg1
Rd1 0-1

[Event "Central London Major"]
[Site "London"]
[Date "2022.11.05"]
[Round "3.2"]
[White "Hall, Antony C"]
[Black "Jefremov, Aivar"]
[Result "1/2-1/2"]
[WhiteElo "1794"]
[BlackElo "1636"]
[PlyCount "23"]
[EventDate "2022.11.04"]
[EventType "swiss"]
[EventRounds "5"]
[EventCountry "ENG"]
[SourceTitle "BritBase"]
[Source "John Saunders"]
[SourceDate "2023.06.01"]
[SourceVersion "1"]
[SourceVersionDate "2023.06.01"]
[SourceQuality "1"]

1. e4 e6 2. d4 d5 3. Nd2 dxe4 4. Nxe4 Nd7 5. c3 Ngf6 6. Bd3 Nxe4 7. Bxe4 Nf6 8.
Bc2 c5 9. Nf3 cxd4 10. Qxd4 Qxd4 11. Nxd4 Bd7 12. O-O 1/2-1/2

[Event "Central London Major"]
[Site "London"]
[Date "2022.11.05"]
[Round "3.4"]
[White "Jezierski, Colum"]
[Black "Ranasinghe, Kasun Anuranga"]
[Result "1-0"]
[WhiteElo "1908"]
[BlackElo "1435"]
[PlyCount "71"]
[EventDate "2022.11.04"]
[EventType "swiss"]
[EventRounds "5"]
[EventCountry "ENG"]
[SourceTitle "BritBase"]
[Source "John Saunders"]
[SourceDate "2023.06.01"]
[SourceVersion "1"]
[SourceVersionDate "2023.06.01"]
[SourceQuality "1"]

1. e4 c6 2. d4 d5 3. Nd2 dxe4 4. Nxe4 Nd7 5. Bd3 Ngf6 6. Ng5 Nb6 7. h3 h6 8.
N5f3 e6 9. Ne5 Bd6 10. Ngf3 O-O 11. O-O c5 12. dxc5 Bxc5 13. c4 Nbd7 14. Qe2
Qc7 15. Bf4 Bd6 16. c5 Nxc5 17. Rac1 Qe7 18. Bb1 a5 19. Rfd1 Rd8 20. Bg3 Na6
21. Bh4 Nb4 22. Nc4 Bc7 23. Nd4 Bd7 24. Nf5 Qe8 25. Nxh6+ Kf8 26. Bxf6 gxf6 27.
Qf3 Nd5 28. Rd4 Bc6 29. Rg4 Ke7 30. Rg7 Bf4 31. Rxf7+ Qxf7 32. Nxf7 Kxf7 33.
Qh5+ Kg7 34. Qh7+ Kf8 35. Re1 Re8 36. Bg6 1-0

[Event "Central London Major"]
[Site "London"]
[Date "2022.11.05"]
[Round "3.6"]
[White "Jacob, Sydney J"]
[Black "Sarfas, Robin"]
[Result "1-0"]
[WhiteElo "1795"]
[BlackElo "1618"]
[PlyCount "55"]
[EventDate "2022.11.04"]
[EventType "swiss"]
[EventRounds "5"]
[EventCountry "ENG"]
[SourceTitle "BritBase"]
[Source "John Saunders"]
[SourceDate "2023.06.01"]
[SourceVersion "1"]
[SourceVersionDate "2023.06.01"]
[SourceQuality "1"]

1. e4 c5 2. Nf3 Nc6 3. Bb5 g6 4. O-O Bg7 5. d3 Qc7 6. h3 e5 7. Be3 b6 8. Bxc6
dxc6 9. Qd2 Be6 10. Ng5 Bd7 11. f4 f6 12. Nf3 O-O-O 13. fxe5 fxe5 14. a4 a5 15.
Na3 h6 16. Nh4 Be6 17. Nxg6 Rh7 18. Qc3 Ne7 19. Nxe7+ Qxe7 20. Nc4 Kb7 21. Qb3
Bxc4 22. Qxc4 Bf6 23. Rf3 Qg7 24. Raf1 Rg8 25. R1f2 Rf8 26. Qe6 Be7 27. Qd7+
Ka6 28. Rxf8 1-0

[Event "Central London Major"]
[Site "London"]
[Date "2022.11.05"]
[Round "3.7"]
[White "McKerracher, Douglas"]
[Black "Chiang, Richard"]
[Result "1-0"]
[WhiteElo "1784"]
[BlackElo "1613"]
[PlyCount "53"]
[EventDate "2022.11.04"]
[EventType "swiss"]
[EventRounds "5"]
[EventCountry "ENG"]
[SourceTitle "BritBase"]
[Source "John Saunders"]
[SourceDate "2023.06.01"]
[SourceVersion "1"]
[SourceVersionDate "2023.06.01"]
[SourceQuality "1"]

1. e4 c5 2. Nc3 Nc6 3. g3 g6 4. Bg2 Bg7 5. d3 e5 6. Nf3 Nge7 7. O-O O-O 8. Be3
Nd4 9. Qd2 d6 10. Nh4 Be6 11. Nd5 Rb8 12. c3 Ndc6 13. f4 f5 14. Rf2 b5 15. Raf1
b4 16. fxe5 Nxe5 17. Nxe7+ Qxe7 18. exf5 gxf5 19. Nxf5 Bxf5 20. Rxf5 Rxf5 21.
Rxf5 Qe6 22. Rf1 Qxa2 23. c4 Ng6 24. Bd5+ Kh8 25. d4 Qa5 26. Bg5 Bxd4+ 27.
Qxd4+ 1-0

[Event "Central London Major"]
[Site "London"]
[Date "2022.11.05"]
[Round "3.9"]
[White "McDonnell, James J"]
[Black "Moni, Claudio"]
[Result "1/2-1/2"]
[WhiteElo "1755"]
[BlackElo "1580"]
[PlyCount "53"]
[EventDate "2022.11.04"]
[EventType "swiss"]
[EventRounds "5"]
[EventCountry "ENG"]
[SourceTitle "BritBase"]
[Source "John Saunders"]
[SourceDate "2023.06.01"]
[SourceVersion "1"]
[SourceVersionDate "2023.06.01"]
[SourceQuality "1"]

1. e4 d5 2. exd5 Qxd5 3. Nc3 Qa5 4. d4 Nf6 5. Nf3 Bf5 6. Bc4 e6 7. Bd2 Bb4 8.
a3 Bxc3 9. Bxc3 Qb6 10. O-O Nc6 11. b4 Bg4 12. h3 Bxf3 13. Qxf3 Nxd4 14. Bxd4
Qxd4 15. Qxb7 O-O 16. Bd3 Qb6 17. Qf3 Rac8 18. c4 a5 19. c5 Qa7 20. Rfc1 c6 21.
Rab1 axb4 22. Rxb4 Nd5 23. Qe4 g6 24. Ra4 Qc7 25. g3 Ra8 26. Bf1 Ra5 27. Rxa5
1/2-1/2

[Event "Central London Major"]
[Site "London"]
[Date "2022.11.05"]
[Round "3.12"]
[White "Lazarevic, Ljubica"]
[Black "Boudkeev, Timour"]
[Result "0-1"]
[WhiteElo "1477"]
[BlackElo "1839"]
[PlyCount "41"]
[EventDate "2022.11.04"]
[EventType "swiss"]
[EventRounds "5"]
[EventCountry "ENG"]
[SourceTitle "BritBase"]
[Source "John Saunders"]
[SourceDate "2023.06.01"]
[SourceVersion "1"]
[SourceVersionDate "2023.06.01"]
[SourceQuality "1"]

1. e4 c6 2. d4 d5 3. e5 Bf5 4. Nf3 e6 5. Be2 c5 6. O-O Nc6 7. c3 cxd4 8. cxd4
Bb4 9. Qa4 Nge7 10. Bg5 O-O 11. a3 Ba5 12. Bb5 Qc7 13. Rc1 a6 14. Bxe7 axb5 15.
Qxb5 Qxe7 16. b4 Bxb4 17. a4 Ra5 18. Qe2 Rfa8 19. Qd1 Bg4 20. Nc3 Bxc3 21. Rxc3
0-1

[Event "Central London Major"]
[Site "London"]
[Date "2022.11.05"]
[Round "3.14"]
[White "Sainbayar, Anuurai"]
[Black "Pristin, Michael"]
[Result "0-1"]
[WhiteElo "1514"]
[BlackElo "1486"]
[PlyCount "80"]
[EventDate "2022.11.04"]
[EventType "swiss"]
[EventRounds "5"]
[EventCountry "ENG"]
[SourceTitle "BritBase"]
[Source "John Saunders"]
[SourceDate "2023.06.01"]
[SourceVersion "1"]
[SourceVersionDate "2023.06.01"]
[SourceQuality "1"]

1. b4 e5 2. Bb2 d6 3. c4 Be6 4. e3 Nf6 5. Nf3 g6 6. Nc3 Bg7 7. Ng5 Bd7 8. d4
exd4 9. exd4 O-O 10. Be2 Re8 11. O-O Bf5 12. Bf3 Nbd7 13. Bxb7 Rb8 14. Qf3 Ng4
15. Nxf7 Kxf7 16. Bd5+ Kf8 17. Nb5 a6 18. Na7 Qh4 19. h3 Ngf6 20. Nc6 Rb6 21.
c5 dxc5 22. dxc5 Rb5 23. a4 Nxd5 24. axb5 Bxb2 25. Ra2 Bf6 26. Qxd5 Be6 27. Qd2
Bxa2 28. Qxa2 axb5 29. Rd1 Ne5 30. Nxe5 Bxe5 31. Rd7 Qf6 32. Rxh7 Qf4 33. g3
Qf3 34. Qc2 Bd4 35. Qd2 Qxg3+ 36. Kf1 Qc3 37. Qf4+ Bf6 38. Qxc7 Qc4+ 39. Kg2
Qd5+ 40. Kf1 Qh1# 0-1

[Event "Central London Major"]
[Site "London"]
[Date "2022.11.05"]
[Round "3.15"]
[White "Demelo, Caitano"]
[Black "Boozorginia, Zoya"]
[Result "0-1"]
[WhiteElo "1229"]
[BlackElo "1343"]
[PlyCount "156"]
[EventDate "2022.11.04"]
[EventType "swiss"]
[EventRounds "5"]
[EventCountry "ENG"]
[SourceTitle "BritBase"]
[Source "John Saunders"]
[SourceDate "2023.06.01"]
[SourceVersion "1"]
[SourceVersionDate "2023.06.01"]
[SourceQuality "1"]

1. e4 c6 2. d4 d5 3. e5 c5 4. dxc5 e6 5. a3 Nc6 6. Nf3 Bxc5 7. b4 Bb6 8. Bb2
Nge7 9. Bb5 Bxf2+ 10. Kxf2 Qb6+ 11. Nd4 Nf5 12. c3 Nfxd4 13. cxd4 Qxb5 14. Nc3
Qc4 15. Ne2 b6 16. Re1 Ba6 17. Rc1 Qb5 18. Nc3 Qd3 19. Qa4 Qxd4+ 20. Re3 Qf4+
21. Rf3 Qd2+ 22. Kg3 Qg5+ 23. Kf2 Qh4+ 24. Rg3 Qc4 25. h3 O-O 26. Rg4 d4 27.
Qc2 Nxe5 28. Rh4 d3 29. Rxc4 dxc2 30. Rd4 Nd3+ 31. Rxd3 Bxd3 32. Ke3 Bg6 33. h4
Rfd8 34. g4 Rd3+ 35. Ke2 Rad8 36. h5 Rd2+ 37. Kf3 R8d3+ 38. Kf4 Rf2+ 39. Ke5
f6+ 40. Kxe6 Re3+ 41. Kd5 Rd2+ 42. Kc4 Bf7+ 43. Kb5 Re5+ 44. Kc6 Be8+ 45. Kc7
Re7+ 46. Kc8 a6 47. Ne4 Rxe4 48. Kc7 Rc4+ 49. Kxb6 Rd6+ 50. Ka5 Rd5+ 51. Kxa6
Rc6+ 52. Kb7 Rb5+ 53. Ka7 Rd6 54. Rxc2 Bc6 55. a4 Rd7+ 56. Ka6 Rxb4 57. Rxc6
Rxb2 58. Rc8+ Kf7 59. Ra8 Rb4 60. Ka5 Rxg4 61. h6 gxh6 62. Ra6 Rg5+ 63. Kb6
Rd6+ 64. Kb7 Rxa6 65. Kxa6 h5 66. a5 Re5 67. Kb6 Ke7 68. a6 Re6+ 69. Kb7 Rxa6
70. Kxa6 h4 71. Kb5 h3 72. Kc6 h2 73. Kc5 h1=Q 74. Kc4 Qe4+ 75. Kc5 Kd7 76. Kb6
Qb4+ 77. Ka7 Kc7 78. Ka6 Qb6# 0-1

[Event "Central London Major"]
[Site "London"]
[Date "2022.11.06"]
[Round "4.2"]
[White "Jefremov, Aivar"]
[Black "Jezierski, Colum"]
[Result "0-1"]
[WhiteElo "1636"]
[BlackElo "1908"]
[PlyCount "44"]
[EventDate "2022.11.04"]
[EventType "swiss"]
[EventRounds "5"]
[EventCountry "ENG"]
[SourceTitle "BritBase"]
[Source "John Saunders"]
[SourceDate "2023.06.01"]
[SourceVersion "1"]
[SourceVersionDate "2023.06.01"]
[SourceQuality "1"]

1. d4 Nf6 2. c4 e6 3. Nc3 c5 4. Nf3 d5 5. cxd5 exd5 6. Bg5 Be7 7. dxc5 Nc6 8.
e3 Be6 9. Nd4 Bxc5 10. Nxe6 fxe6 11. Bd3 O-O 12. Qc2 Nb4 13. Qb1 Nxd3+ 14. Qxd3
Bd6 15. O-O Bxh2+ 16. Kh1 Bd6 17. Rad1 Qe8 18. e4 Ng4 19. f4 Qh5+ 20. Qh3 Qxh3+
21. gxh3 Ne3 22. e5 Bxe5 0-1

[Event "Central London Major"]
[Site "London"]
[Date "2022.11.06"]
[Round "4.3"]
[White "McAleenan, Charles"]
[Black "Hall, Antony C"]
[Result "0-1"]
[WhiteElo "1760"]
[BlackElo "1794"]
[PlyCount "60"]
[EventDate "2022.11.04"]
[EventType "swiss"]
[EventRounds "5"]
[EventCountry "ENG"]
[SourceTitle "BritBase"]
[Source "John Saunders"]
[SourceDate "2023.06.01"]
[SourceVersion "1"]
[SourceVersionDate "2023.06.01"]
[SourceQuality "1"]

1. d4 Nf6 2. Nc3 d6 3. e4 g6 4. Bf4 c6 5. Qd2 Qa5 6. f3 Nbd7 7. O-O-O b5 8. Kb1
Bg7 9. e5 dxe5 10. dxe5 Nh5 11. e6 fxe6 12. Nd5 Qxd2 13. Nc7+ Kf7 14. Rxd2 Nxf4
15. Nxa8 Nd5 16. c4 bxc4 17. Bxc4 N7f6 18. Nh3 h6 19. Re1 Bb7 20. Bxd5 Nxd5 21.
Rxd5 exd5 22. Nc7 e5 23. f4 Rc8 24. fxe5 Rxc7 25. e6+ Ke8 26. Nf4 g5 27. Ng6
Bc8 28. b4 Bc3 29. Rf1 Bxb4 30. Rf7 Rxf7 0-1